Film con maggiori incassi nel 2009 - Statistics

Statistiche generali
  • Questo quiz è stato fatto 3 volte
  • Il punteggio medio è 2 su 10
Statistiche sulle risposte
Incasso ($) Film % Corretto
2 743 577 587 Avatar
100%
485 390 816 Angeli e demoni
33%
933 959 197 Harry Potter e il Principe mezzosangue
33%
709 827 462 The Twilight Saga: New Moon
33%
468 812 793 Una notte da leoni
33%
769 679 479 2012
0%
886 686 817 L'era glaciale 3 - L'alba dei dinosauri
0%
524 028 679 Sherlock Holmes
0%
836 303 693 Transformers - La vendetta del caduto
0%
735 099 085 Up
0%
Nessun quiz corrispondente trovato
Distribuzione punteggi
Percentuale di utenti per punteggio
Percentile per numero di risposta
I tuoi punteggi nel tempo
Non hai fatto questo quiz